000 02471nam a2200409 a 4500
001 000003532
003 DO-SdBNP
005 20170523143815.0
007 000003532
008 090710s2007 dr a 000 0 spa d
020 _a9789945421279
040 _aBPMSU
_bspa
_cBPMSU
092 _a374.01
_bL961m
100 1 _aLuna, Josefina
245 1 0 _aNi mucho...ni poco. buscando el balance
_bGuía para madres y padres de hoy /
_cJosefina Luna ; prólogo Félix López Sánchez.
246 1 4 _aguía para madres y padres de hoy
260 _aSanto Domingo :
_bCONANI,
_c2007.
300 _a155 p. :
_bil. ;
_c24 cm.
490 1 _a (Conani)
500 _aIncluye datos biográficos del autor en las solapas
504 _aIncluye referencias bibliográficas y notas al pie de las páginas
504 _aIncluye bibliografías (p. 151-155)
505 1 _aPrólogo --
_tIntroducción --
_tCapítulo 1. En los primeros años --
_tCapítulo 2. Las familias rotas. La experiencia del divorcio --
_tCapítulo 3. Familias mal tratantes. El maltrato infantil, sus causas --
_tCapítulo 4. La familia frente a los medios de comunicación --
_tCapítulo 5. La sociedad y la familia frente a la homosexualidad --
_tCapítulo 6. Contar nuestras propias historias nos libera --
_tCapítulo 7. "Te maltrato porque te amo" o el sin sentido de los noviazgos violentos -- .
_tCapítulo 8. Niñez, marketing y publicidad --
_tCapítulo 9. Mami, papi... comprámelo. El consumismo envuelve a los niños --
_tCapítulo 10. "Mi papá solo me dice que me proteja". Los y las adolescentes hablan --
_tCapítulo 11. Voy a ser abuela. Las consecuencias del embarazo en la adolescencia --
_tCapítulo 12. Juegos y los juguetes --
_tCapítulo 13. Crónica de una pela anunciada. Algunas verdades sobre el castigo físico --
_tCapítulo . Guerra e infancia no combinan --
_tCapítulo 15. Invertir en la infancia y la adolescencia. La forma más efectiva de evitar la delicuencia --
_tCapítulo 16. Educación sexual. Asignatura pendiente --
_tBibliografía
650 4 _aEDUCACIÓN PARA LA VIDA FAMILIAR
650 4 _aVIOLENCIA INFANTIL
650 4 _aFAMILIA
650 4 _aDIVORCIO
650 4 _aEDUCACIÓN SEXUAL
700 1 2 _aLópez Sánchez, Félix,
_epról.
830 0 _aConani
910 _a Reusar registro
930 1 _l
_m
_h
_8
_f
_p
_g
942 _2ddc
_cBK
956 _a
_b
_c
_l
_h
956 _a
_b
_c
_l
_h
956 _aVMATEO
_b10
_c20150306
_lBND01
_h00151
999 _c7554
_d7554